La médiation culturelle (notice n° 2198564)

détails MARC
000 -LEADER
fixed length control field 01706cam a2200145 4500500
005 - DATE AND TIME OF LATEST TRANSACTION
control field 20260405085550.0
041 ## - LANGUAGE CODE
Language code of text/sound track or separate title fre
042 ## - AUTHENTICATION CODE
Authentication code dc
100 10 - MAIN ENTRY--PERSONAL NAME
Personal name Chaumier, Serge
Relator term author
245 00 - TITLE STATEMENT
Title La médiation culturelle
260 ## - PUBLICATION, DISTRIBUTION, ETC.
Name of publisher, distributor, etc. Armand Colin,<br/>
Date of publication, distribution, etc. 2023.<br/>
520 ## - SUMMARY, ETC.
Summary, etc. La médiation est présente dans bien des domaines, mais le secteur culturel lui réserve une place particulière tant celle-ci est constitutive de son action. Associée à une volonté de démocratisation, la médiation culturelle repose sur le partage, avec le plus grand nombre, d’œuvres artistiques et de savoirs produits par les sciences. Le public se trouve de ce fait placé au cœur de tous les domaines culturels, du spectacle vivant et des musées, comme des bibliothèques et des archives, de la création contemporaine comme du champ patrimonial. Qu’il s’agisse de transmettre, de générer des relations, de favoriser le dialogue, ou de créer, l’efficacité de la communication avec les différents publics repose sur un ensemble de techniques qui varient selon les enjeux et découlent d’une histoire complexe. Cet ouvrage revient sur les fondamentaux, les impératifs, les champs disciplinaires que convoquent la médiation culturelle et les techniques nécessaires pour la mettre en œuvre. Il donne les clés pour déployer une action culturelle pertinente. Cette nouvelle édition est enrichie d’un tour d’horizon des pratiques. Sous forme d’encadrés, les initiatives de nombreux acteurs culturels et institutionnels sont présentées.
700 10 - ADDED ENTRY--PERSONAL NAME
Personal name Mairesse, François
Relator term author
856 41 - ELECTRONIC LOCATION AND ACCESS
Uniform Resource Identifier <a href="https://shs.cairn.info/la-mediation-culturelle--9782200634803?lang=fr&redirect-ssocas=7080">https://shs.cairn.info/la-mediation-culturelle--9782200634803?lang=fr&redirect-ssocas=7080</a>

Pas d'exemplaire disponible.

PLUDOC

PLUDOC est la plateforme unique et centralisée de gestion des bibliothèques physiques et numériques de Guinée administré par le CEDUST. Elle est la plus grande base de données de ressources documentaires pour les Étudiants, Enseignants chercheurs et Chercheurs de Guinée.

Adresse

627 919 101/664 919 101

25 boulevard du commerce
Kaloum, Conakry, Guinée

Réseaux sociaux

Powered by Netsen Group @ 2025